| 000 | 00501cam a2200181ua 4500 | ||
|---|---|---|---|
| 020 |
_a087 692 342 2 _c50.00 |
||
| 041 |
_aeng _h |
||
| 082 |
_a028.7021 _bCRO/GR |
||
| 100 | _aCrocetti, Gino . | ||
| 245 |
_aGRE:Graduate record examination general( aptitude) test / _cGino crocetti. _hTextual Documents |
||
| 250 |
_a1 / _b. |
||
| 260 |
_aNew Delhi : _bPrentice Hall of India Pvt Ltd. , _c1984. |
||
| 300 | _a519 ; . | ||
| 365 | _a50.00 | ||
| 504 | _a | ||
| 942 | _cBK | ||
| 999 |
_c8010 _d8010 |
||